| 000 | 00550nam a2200193Ia 4500 | ||
|---|---|---|---|
| 005 | 20250508154246.0 | ||
| 008 | 008 250505s9999 xx 000 0 eng d | ||
| 037 | _aTextual | ||
| 040 |
_aFEDL _beng _cFEDL |
||
| 041 |
_aeng _2eng |
||
| 084 |
_a379.42, GIL _qFEDL |
||
| 100 |
_aGilkes A N _9631200 |
||
| 245 | 0 | _aIndependent education : In defence of public schools | |
| 260 |
_aLondon, UK _bVictor Gollancz Ltd _c1957 |
||
| 300 | _a111p. | ||
| 650 | _aEducation - U K | ||
| 942 |
_cTEXL _h379.42, GIL |
||
| 999 |
_c1349188 _d1349188 |
||